[Event "Nakhchivan Open 2014"]
[Site "Nakhchivan AZE"]
[Date "2014.05.10"]
[Round "7.11"]
[White "Smirnov, Pavel"]
[Black "Ahmadinia, Ebrahim"]
[Result "1-0"]
[WhiteTitle "GM"]
[BlackTitle "IM"]
[WhiteElo "2626"]
[BlackElo "2371"]
[WhiteFideId "4123425"]
[BlackFideId "12501891"]
[EventDate "2014.05.04"]

1. d4 d5 2. c4 c6 3. Nc3 Nf6 4. e3 a6 5. Nf3 b5 6. b3 Bg4 7. Be2 e6 8. h3 Bh5 9.
g4 Bg6 10. Ne5 Bb4 11. Bd2 Nfd7 12. Nxg6 hxg6 13. Qc2 Nf6 14. Bf3 g5 15. cxd5
cxd5 16. a4 bxa4 17. Rxa4 Be7 18. e4 Nbd7 19. e5 Nh7 20. Be2 Nhf8 21. Bd3 f6 22.
exf6 Bxf6 23. Ne2 Kf7 24. Ba5 Qe8 25. Bd2 Kg8 26. Rxa6 Rc8 27. Rc6 Rb8 28. b4 e5
29. Qa2 Qf7 30. Nc3 exd4 31. Nxd5 Ne5 32. Bc4 Nxc4 33. Qxc4 Ng6 34. Rc7 Qe6+ 35.
Kd1 Kh7 36. Re1 Be5 37. Rc6 Qf7 38. Nf6+ Qxf6 39. Rxf6 Bxf6 40. Qd3 Kh6 41. h4 1-0

[Event "Nakhchivan Open 2014"]
[Site "Nakhchivan AZE"]
[Date "2014.05.10"]
[Round "7.12"]
[White "Mammadova, Gulnar"]
[Black "Gasanov, Eldar"]
[Result "0-1"]
[WhiteTitle "WGM"]
[BlackTitle "GM"]
[WhiteElo "2346"]
[BlackElo "2504"]
[WhiteFideId "13403508"]
[BlackFideId "14104466"]
[EventDate "2014.05.04"]

1. e4 c6 2. d4 d5 3. e5 Bf5 4. Nf3 e6 5. Be2 Nd7 6. O-O h6 7. Be3 Ne7 8. Nbd2
Bh7 9. c4 dxc4 10. Nxc4 Nd5 11. Bd3 Bxd3 12. Qxd3 Be7 13. a3 a5 14. Rac1 O-O 15.
Rfd1 a4 16. Bd2 Rc8 17. Ne3 Qb6 18. Rc2 Rfd8 19. Nxd5 cxd5 20. Rdc1 Rc6 21. Rxc6
bxc6 22. Qc3 c5 23. dxc5 Bxc5 24. Be3 Bxe3 25. fxe3 Qb8 26. Qd4 Nb6 27. Nd2 Nc4
28. Nxc4 dxc4 29. Qxc4 Qxb2 30. Rf1 Qxe5 31. Qf4 Qxf4 32. Rxf4 Rd3 33. Rxa4 Rxe3
34. Ra7 g5 35. Kf2 Rb3 36. a4 Ra3 37. g4 Kg7 38. Kg2 Kg6 39. a5 Ra2+ 40. Kg3
Ra3+ 41. Kg2 Ra2+ 42. Kg1 Ra4 43. h3 f5 44. Ra6 fxg4 45. Rxe6+ Kh5 46. hxg4+
Rxg4+ 47. Kf2 Ra4 48. a6 Ra3 49. Rb6 g4 50. Rb5+ Kh4 51. Rb6 h5 52. Rh6 Ra5 53.
Kg2 Ra2+ 54. Kf1 g3 55. Kg1 Kg4 56. Rb6 Kh3 57. Rb1 Rxa6 58. Kh1 h4 59. Kg1 Ra4
60. Kh1 Kg4 61. Kg1 h3 62. Kh1 h2 0-1

[Event "Nakhchivan Open 2014"]
[Site "Nakhchivan AZE"]
[Date "2014.05.11"]
[Round "8.2"]
[White "Sanal, Vahap"]
[Black "Shimanov, Aleksandr"]
[Result "0-1"]
[WhiteTitle "IM"]
[BlackTitle "GM"]
[WhiteElo "2435"]
[BlackElo "2636"]
[WhiteFideId "6300545"]
[BlackFideId "4198603"]
[EventDate "2014.05.04"]

1. e4 c6 2. Nc3 d5 3. Nf3 Bg4 4. Be2 e6 5. d4 Nd7 6. h3 Bh5 7. g4 Bg6 8. e5 Bb4
9. h4 h5 10. Ng5 hxg4 11. Bxg4 Qa5 12. Rh3 Nh6 13. Bxe6 O-O-O 14. Bxd7+ Rxd7 15.
Bd2 f6 16. a3 Bxc3 17. Bxc3 Qd8 18. Nf3 Re7 19. Qd2 Qd7 20. Ng1 fxe5 21. O-O-O
e4 22. Qg5 Bf5 23. Rh1 Bg4 24. Rd2 Rf7 25. Kb1 Rf5 26. Qe3 Rhf8 27. Bb4 R8f6 28.
Rh2 Bh5 29. Rg2 Ng4 30. Qg3 g6 31. a4 Qf7 32. a5 Nxf2 33. Bc5 Qc7 34. Qa3 a6 35.
Be7 Rf7 36. Bd6 Qd8 37. Bg3 Ng4 38. Qc5 Ne3 39. Qa7 Rf1+ 0-1

[Event "Nakhchivan Open 2014"]
[Site "Nakhchivan AZE"]
[Date "2014.05.11"]
[Round "8.3"]
[White "Guseinov, Gadir"]
[Black "Savchenko, Boris"]
[Result "0-1"]
[WhiteTitle "GM"]
[BlackTitle "GM"]
[WhiteElo "2621"]
[BlackElo "2559"]
[WhiteFideId "13401378"]
[BlackFideId "4147332"]
[EventDate "2014.05.04"]

1. e4 c5 2. Nc3 e6 3. Nf3 a6 4. d4 cxd4 5. Nxd4 Qc7 6. Bd3 Nc6 7. Nxc6 dxc6 8.
O-O Nf6 9. f4 e5 10. Kh1 b5 11. Qf3 Bc5 12. a4 b4 13. Nd1 exf4 14. Bxf4 Qe7 15.
Ne3 O-O 16. Rae1 Bxe3 17. Qxe3 Re8 18. Qb6 Qb7 19. Qa5 b3 20. Be5 Ng4 21. Bc3
Qe7 22. cxb3 Qd6 23. Qh5 g6 24. Bc4 gxh5 25. Bxf7+ Kf8 26. Bxh5+ Ke7 27. Rf7+
Ke6 28. e5 Qc5 29. Ref1 Rg8 30. h3 Nxe5 31. Rxh7 Ra7 32. Rh6+ Kd7 33. Rd1+ Kc7
34. Bd4 Qc2 35. Bxe5+ Kb7 36. Bf3 Rf8 37. Rd4 Qc1+ 38. Kh2 a5 39. Rh7+ Kb6 40.
Rxa7 Kxa7 41. Rc4 Qg5 42. Bd4+ Ka8 43. Bf2 Bb7 44. Rc3 Rf5 45. g4 Qd2 46. Kg3
Qxb2 47. Re3 Rf8 0-1

[Event "Nakhchivan Open 2014"]
[Site "Nakhchivan AZE"]
[Date "2014.05.11"]
[Round "8.4"]
[White "Nigalidze, Gaioz"]
[Black "Gagunashvili, Merab"]
[Result "1/2-1/2"]
[WhiteTitle "IM"]
[BlackTitle "GM"]
[WhiteElo "2536"]
[BlackElo "2560"]
[WhiteFideId "13603078"]
[BlackFideId "13601652"]
[EventDate "2014.05.04"]

1. Nf3 d5 2. c4 c6 3. e3 Nf6 4. Nc3 g6 5. b3 Bg7 6. Bb2 O-O 7. d4 Ne4 8. Be2
Nxc3 9. Bxc3 c5 10. cxd5 Qxd5 11. Rc1 cxd4 12. O-O Nc6 13. Nxd4 Nxd4 14. Bxd4
Bxd4 15. Bf3 Qa5 16. Qxd4 Be6 17. b4 Qxa2 18. Rc7 Rad8 19. Qc5 b6 20. Qxe7 a5
21. bxa5 bxa5 22. Rcc1 Bb3 23. Ra1 Qd2 24. Qa3 a4 25. Bc6 Qd6 26. Qxd6 Rxd6 27.
Bxa4 Bxa4 28. Rxa4 h5 29. h3 Rfd8 30. Kh2 Rd1 31. Rxd1 Rxd1 32. Rd4 Ra1 33. Kg3
Ra2 34. Kf3 Kg7 35. Rd5 Kf6 36. g4 hxg4+ 37. hxg4 g5 38. Rd3 Kg7 39. Kg3 Ra4 40.
f4 gxf4+ 41. exf4 f6 42. Kf3 Kf7 43. Rd7+ Ke8 44. Rb7 Kf8 45. Rc7 Rb4 46. Ra7
Rc4 47. Ke3 Rb4 48. Rd7 Ke8 49. Rd4 Rb7 50. Ke4 Kf7 51. Kd5 Ra7 52. Ke4 Rb7 53.
Ra4 Rc7 54. Ra5 Rc4+ 55. Ke3 Rc3+ 56. Kd4 Rg3 57. Ra7+ Kf8 58. Ke4 Rxg4 59. Kf5
Rh4 60. Ra6 Kg7 61. Ra7+ Kf8 62. Rb7 Kg8 63. Rb4 Kf7 64. Rb7+ Kg8 65. Kg6 Rg4+
66. Kxf6 1/2-1/2

[Event "Nakhchivan Open 2014"]
[Site "Nakhchivan AZE"]
[Date "2014.05.11"]
[Round "8.5"]
[White "Pantsulaia, Levan"]
[Black "Khismatullin, Denis"]
[Result "1-0"]
[WhiteTitle "GM"]
[BlackTitle "GM"]
[WhiteElo "2573"]
[BlackElo "2682"]
[WhiteFideId "13602071"]
[BlackFideId "4142578"]
[EventDate "2014.05.04"]

1. Nf3 c5 2. c4 g6 3. d4 Bg7 4. e4 Qa5+ 5. Nc3 Nf6 6. Bd3 cxd4 7. Nxd4 Nc6 8.
Nb3 Qd8 9. Be3 d6 10. f3 O-O 11. O-O b6 12. Rf2 Nd7 13. Rc1 Ba6 14. Bf1 Nce5 15.
Nb5 Nc5 16. N3d4 Qd7 17. Rd2 Rac8 18. b4 Ne6 19. Nxe6 Qxe6 20. Rdc2 Qd7 21. a4
Nc6 22. Qd2 Qe6 23. a5 bxa5 24. bxa5 Qe5 25. Nxa7 Nxa5 26. Nxc8 Rxc8 27. c5 Bxf1
28. Qxa5 Bd3 29. Rd2 Bxe4 30. fxe4 Qxe4 31. Re1 dxc5 32. Rd8+ 1-0

[Event "Nakhchivan Open 2014"]
[Site "Nakhchivan AZE"]
[Date "2014.05.11"]
[Round "8.6"]
[White "Shanava, Konstantine"]
[Black "Abdulov, Orkhan"]
[Result "1-0"]
[WhiteTitle "GM"]
[BlackTitle "IM"]
[WhiteElo "2551"]
[BlackElo "2336"]
[WhiteFideId "13601784"]
[BlackFideId "13402714"]
[EventDate "2014.05.04"]

1. e4 c5 2. Nc3 Nc6 3. Nf3 e6 4. d4 cxd4 5. Nxd4 Nf6 6. Ndb5 Bb4 7. Bf4 Nxe4 8.
Qf3 d5 9. Nc7+ Kf8 10. O-O-O Nxc3 11. bxc3 Ba3+ 12. Kb1 Rb8 13. Nb5 Be7 14. c4
e5 15. cxd5 exf4 16. dxc6 Qb6 17. c7 Ra8 18. Bc4 Bf5 19. Rhe1 a6 20. Rxe7 Kxe7
21. Qa3+ Ke8 22. Kc1 Bg4 23. f3 Be6 24. Nd6+ Kd7 25. Nxf7+ Kxc7 26. Qe7+ Kb8 27.
Bxe6 Rg8 28. Nd8 Qe3+ 29. Kb1 Qb6+ 30. Ka1 Rh8 31. Nf7 Rg8 32. Ne5 Ka7 33. Bxg8
Rxg8 34. Qd6 Qa5 35. Qd4+ Ka8 36. Nc4 Qf5 37. Nb6+ Ka7 38. Nc8+ Kb8 39. Ne7 1-0

[Event "Nakhchivan Open 2014"]
[Site "Nakhchivan AZE"]
[Date "2014.05.11"]
[Round "8.7"]
[White "Rasulov, Vugar"]
[Black "Paichadze, Luka"]
[Result "0-1"]
[WhiteTitle "GM"]
[BlackTitle "GM"]
[WhiteElo "2512"]
[BlackElo "2535"]
[WhiteFideId "13402390"]
[BlackFideId "13602934"]
[EventDate "2014.05.04"]

1. e4 c6 2. Nc3 d5 3. Qf3 Nf6 4. e5 Nfd7 5. d4 e6 6. Nh3 a6 7. Bd3 c5 8. Nf4
cxd4 9. Nce2 Nxe5 10. Qg3 Nbc6 11. O-O g6 12. b3 Bd6 13. Bb2 g5 14. Nh5 Nc4 15.
bxc4 Bxg3 16. fxg3 dxc4 17. Nf6+ Kf8 18. Bxc4 h5 19. Kh1 Rh6 20. Ne4 b5 21. Bb3
Ra7 22. Ng1 h4 23. g4 h3 24. Nxh3 Rxh3 25. gxh3 a5 26. a3 a4 27. Ba2 Ne5 28.
Rad1 Bb7 29. Rxd4 Bxe4+ 30. Rxe4 Qa8 0-1

[Event "Nakhchivan Open 2014"]
[Site "Nakhchivan AZE"]
[Date "2014.05.11"]
[Round "8.8"]
[White "Mammadov, Zaur"]
[Black "Korneev, Oleg"]
[Result "1/2-1/2"]
[WhiteTitle "IM"]
[BlackTitle "GM"]
[WhiteElo "2453"]
[BlackElo "2618"]
[WhiteFideId "13401033"]
[BlackFideId "4156803"]
[EventDate "2014.05.04"]

1. e4 e5 2. Nf3 Nc6 3. Nc3 Nf6 4. d4 exd4 5. Nxd4 Bb4 6. Nxc6 bxc6 7. Bd3 d5 8.
exd5 cxd5 9. O-O O-O 10. h3 c6 11. Qf3 Bd6 12. Bf4 Rb8 13. b3 Be6 14. Ne2 c5 15.
Rad1 h6 16. Rfe1 Re8 17. Ng3 Bxf4 18. Qxf4 Qa5 19. Bf5 Rbc8 20. a4 c4 21. Re3
Qb6 22. Qd4 Rc6 23. Qa1 a5 24. Rf3 cxb3 25. cxb3 Qb4 26. Bd3 Rec8 27. Ne2 Ne4
28. Bxe4 dxe4 29. Rg3 g6 30. Rd4 Qb6 31. Rxe4 Bxb3 32. Qa3 Bc2 33. Rh4 Rf6 34.
Qe3 1/2-1/2

[Event "Nakhchivan Open 2014"]
[Site "Nakhchivan AZE"]
[Date "2014.05.11"]
[Round "8.10"]
[White "Gasanov, Eldar"]
[Black "Smirnov, Pavel"]
[Result "0-1"]
[WhiteTitle "GM"]
[BlackTitle "GM"]
[WhiteElo "2504"]
[BlackElo "2626"]
[WhiteFideId "14104466"]
[BlackFideId "4123425"]
[EventDate "2014.05.04"]

1. d4 Nf6 2. c4 e6 3. Nf3 d5 4. e3 b6 5. Nc3 Bb7 6. cxd5 exd5 7. Bb5+ c6 8. Bd3
Nbd7 9. O-O Bd6 10. b3 O-O 11. Bb2 Qe7 12. Qc2 Rfe8 13. Ne2 Ne4 14. Ng3 g6 15.
Bxe4 dxe4 16. Nd2 f5 17. Nc4 Bc7 18. Rfd1 Nf6 19. Ne5 c5 20. Nc4 cxd4 21. Bxd4
Rac8 22. Qb2 Nd5 23. a4 Nb4 24. Bf6 Qe6 25. Ne2 Nd3 26. Qd4 a6 27. a5 bxa5 28.
Bg5 Bd5 29. Bh6 Qf7 30. Nb6 Rcd8 31. Nxd5 Be5 32. Ne7+ Qxe7 33. Qc4+ Kh8 34. g3
Nb2 35. Qc2 Nxd1 36. Rxd1 Qc7 37. Qb1 Rxd1+ 38. Qxd1 Rd8 39. Qe1 Kg8 40. Kg2 Qb6
41. h4 Qb4 42. Qc1 Qxb3 43. Qc6 Qd5 44. Qb6 a4 45. Nf4 Qd6 46. Qa5 a3 47. h5
Bxf4 48. Bxf4 Qd1 49. hxg6 Qf3+ 50. Kh2 Qh5+ 51. Kg2 Rd1 52. gxh7+ Qxh7 0-1

[Event "Nakhchivan Open 2014"]
[Site "Nakhchivan AZE"]
[Date "2014.05.11"]
[Round "8.11"]
[White "Zhukova, Natalia"]
[Black "Gholami, Aryan"]
[Result "1/2-1/2"]
[WhiteTitle "GM"]
[BlackTitle "FM"]
[WhiteElo "2459"]
[BlackElo "2237"]
[WhiteFideId "14101513"]
[BlackFideId "12554820"]
[EventDate "2014.05.04"]

1. d4 Nf6 2. c4 e6 3. Nf3 b6 4. Nc3 Bb7 5. e3 Bb4 6. Bd3 O-O 7. O-O Bxc3 8. bxc3
d6 9. Nd2 Nbd7 10. f3 e5 11. Re1 e4 12. fxe4 Qe7 13. Qf3 Rae8 14. Qh3 Qe6 15.
Qxe6 Rxe6 16. e5 dxe5 17. d5 Rd6 18. Ba3 c5 19. e4 Ne8 20. Bc1 Nb8 21. a4 Rd8
22. Nb1 a5 23. Na3 Nd6 24. Rb1 Nd7 25. g3 Ba6 26. Bf1 Rb8 27. Bd3 h6 28. Kg2 Kh7
29. Rb2 g6 30. g4 f6 1/2-1/2

[Event "Nakhchivan Open 2014"]
[Site "Nakhchivan AZE"]
[Date "2014.05.11"]
[Round "8.12"]
[White "Dastan, Muhammed Batuhan"]
[Black "Lorparizangeneh, Shahin"]
[Result "1-0"]
[WhiteTitle "IM"]
[BlackTitle "FM"]
[WhiteElo "2439"]
[BlackElo "2284"]
[WhiteFideId "6300014"]
[BlackFideId "12521604"]
[EventDate "2014.05.04"]

1. e4 e5 2. Nf3 Nc6 3. Bc4 Bc5 4. c3 Nf6 5. d3 O-O 6. Nbd2 a5 7. O-O d6 8. Bb3
Be6 9. Ba4 Rb8 10. h3 b5 11. Bc2 h6 12. Re1 a4 13. Nf1 d5 14. d4 dxe4 15. Nxe5
Nxe5 16. dxe5 Qxd1 17. Bxd1 Nd7 18. Rxe4 Bf5 19. Re1 Rfe8 20. Bf4 f6 21. Bh5 g6
22. Be2 g5 23. Be3 Rxe5 24. Bd4 a3 25. bxa3 Bxd4 26. cxd4 Re6 27. Ng3 Rbe8 28.
Kf1 Bc2 29. Bxb5 Rxe1+ 30. Rxe1 Rxe1+ 31. Kxe1 Nb6 32. Kd2 Bb1 33. a4 Bxa2 34.
a5 Nc4+ 35. Bxc4+ Bxc4 36. Nf5 h5 37. Kc3 Ba6 38. Kb4 Bb7 39. d5 Kf7 40. Kc5 h4
41. Ne3 Ke7 42. Nc2 Kd7 43. Nb4 Kc8 44. a6 Ba8 45. Nc6 Kd7 46. Nd4 Ke7 47. Ne6
Kd7 48. f3 f5 49. Nxg5 1-0

[Event "Nakhchivan Open 2014"]
[Site "Nakhchivan AZE"]
[Date "2014.05.12"]
[Round "9.1"]
[White "Shimanov, Aleksandr"]
[Black "Shanava, Konstantine"]
[Result "1/2-1/2"]
[WhiteTitle "GM"]
[BlackTitle "GM"]
[WhiteElo "2636"]
[BlackElo "2551"]
[WhiteFideId "4198603"]
[BlackFideId "13601784"]
[EventDate "2014.05.04"]

1. d4 d6 2. Nf3 Bg4 3. e4 Nf6 4. Nc3 Nc6 5. d5 Nb8 6. Be2 g6 7. Nd4 Bxe2 8. Qxe2
c6 9. O-O Bg7 10. Rd1 Qc8 11. Bg5 O-O 12. a4 Re8 13. Nf3 Nbd7 14. a5 Nc5 15. h3
b5 16. b4 Na6 17. Rab1 Nd7 18. dxc6 Bxc3 19. cxd7 Qxd7 20. Bd2 Rac8 21. Bxc3
Rxc3 22. e5 Rc4 23. Qd2 Rec8 24. exd6 Qxd6 25. Qxd6 exd6 26. Rxd6 Rxb4 1/2-1/2

[Event "Nakhchivan Open 2014"]
[Site "Nakhchivan AZE"]
[Date "2014.05.12"]
[Round "9.2"]
[White "Savchenko, Boris"]
[Black "Pantsulaia, Levan"]
[Result "1/2-1/2"]
[WhiteTitle "GM"]
[BlackTitle "GM"]
[WhiteElo "2559"]
[BlackElo "2573"]
[WhiteFideId "4147332"]
[BlackFideId "13602071"]
[EventDate "2014.05.04"]

1. d4 Nf6 2. c4 c5 3. d5 g6 4. Nc3 Bg7 5. e4 O-O 6. Bd3 e6 7. Nf3 exd5 8. cxd5
d6 9. h3 Re8 10. O-O Nbd7 11. Re1 Nh5 12. a4 a6 13. Be3 Ne5 14. Be2 Nxf3+ 15.
Bxf3 Nf6 16. Bf4 Nd7 17. Qd2 Ne5 18. Be2 Bd7 19. a5 b5 20. axb6 Qxb6 21. Be3 f5
22. Ra2 a5 23. exf5 gxf5 24. Rea1 Qb4 25. Bh6 Ng6 26. Bxg7 Kxg7 27. Bh5 Re5 28.
Bxg6 hxg6 29. Re1 Qd4 30. Qc1 Rxe1+ 31. Qxe1 Re8 32. Qc1 a4 33. Ra1 f4 34. Qc2
Re5 35. Rd1 Qc4 36. Qc1 Bf5 37. Re1 Rxe1+ 38. Qxe1 Kf7 39. Qd1 a3 40. Qa1 axb2
41. Qxb2 Qb4 42. Qa1 g5 43. Kh2 Qd4 44. f3 Kg6 45. Qb2 Bd3 46. Qa1 Qf2 47. Nd1
Qg3+ 48. Kg1 Qe1+ 49. Kh2 Qg3+ 50. Kg1 Qe1+ 51. Kh2 Kf5 52. Qa4 Qg3+ 53. Kg1
Qe1+ 54. Kh2 1/2-1/2

[Event "Nakhchivan Open 2014"]
[Site "Nakhchivan AZE"]
[Date "2014.05.12"]
[Round "9.3"]
[White "Gagunashvili, Merab"]
[Black "Mamedov, Rauf"]
[Result "0-1"]
[WhiteTitle "GM"]
[BlackTitle "GM"]
[WhiteElo "2560"]
[BlackElo "2660"]
[WhiteFideId "13601652"]
[BlackFideId "13401653"]
[EventDate "2014.05.04"]

1. d4 Nf6 2. c4 g6 3. Nf3 Bg7 4. g3 c6 5. Bg2 d5 6. cxd5 cxd5 7. O-O O-O 8. Ne5
Bf5 9. Nc3 Nc6 10. Nxc6 bxc6 11. Bf4 Ne4 12. Na4 Rc8 13. Rc1 Qa5 14. a3 Nd6 15.
Bd2 Qd8 16. e3 h5 17. Qe2 Ne4 18. Be1 e5 19. dxe5 Bxe5 20. Bb4 Re8 21. Rfd1 Qf6
22. f3 Nxg3 23. hxg3 Bxg3 24. Qd2 Qh4 25. Nc5 Qh2+ 26. Kf1 h4 27. e4 dxe4 28.
fxe4 Bg4 29. Nd7 Re6 30. e5 Rd8 31. Qg5 Be2+ 32. Kxe2 Qxg2+ 33. Ke3 Bf2+ 34. Kf4
Be3+ 0-1

[Event "Nakhchivan Open 2014"]
[Site "Nakhchivan AZE"]
[Date "2014.05.12"]
[Round "9.4"]
[White "Paichadze, Luka"]
[Black "Nigalidze, Gaioz"]
[Result "1/2-1/2"]
[WhiteTitle "GM"]
[BlackTitle "IM"]
[WhiteElo "2535"]
[BlackElo "2536"]
[WhiteFideId "13602934"]
[BlackFideId "13603078"]
[EventDate "2014.05.04"]

1. e4 c5 2. Nf3 d6 3. d4 cxd4 4. Qxd4 Nc6 5. Bb5 Bd7 6. Bxc6 Bxc6 7. Nc3 Nf6 8.
Bg5 e6 9. O-O-O Be7 10. Qd3 O-O 11. Nd4 Rc8 12. f4 Qa5 13. Kb1 h6 14. h4 Rfd8
15. Qg3 Kh8 16. Rd3 b5 17. e5 Ng8 18. exd6 Rxd6 19. f5 f6 20. a3 fxg5 21. hxg5
exf5 22. Nxf5 Rxd3 23. Qe5 Bf6 24. gxf6 Qc7 25. fxg7+ Kh7 26. Qxc7 Rxc7 27. cxd3
Bxg2 28. Rh2 Bc6 29. Nxh6 Nxh6 30. Rxh6+ Kxg7 31. Rh5 Rb7 32. Kc2 b4 33. axb4
Rxb4 34. Ra5 Rb7 35. d4 Be8 36. Nd5 Kf7 37. Kc3 Ke6 38. Nf4+ Kd7 39. Nd3 Kc8 40.
Nc5 Rh7 41. Ra1 Rh3+ 42. Kb4 Rh7 43. Rd1 Kc7 44. Nd3 Kd6 45. Nc5 Rh4 46. Kc3 Kd5
47. Re1 Rh3+ 48. Kb4 Bc6 49. Rd1 Rh2 50. Kc3 Bb5 51. Nb3 Ba4 52. Kb4 Bxb3 53.
Kxb3 Rh8 54. Kc3 Rc8+ 55. Kd3 Rc4 56. Ke3 Rb4 57. Rd2 Rb3+ 58. Ke2 Rb4 59. Ke3
Rb3+ 1/2-1/2

[Event "Nakhchivan Open 2014"]
[Site "Nakhchivan AZE"]
[Date "2014.05.12"]
[Round "9.6"]
[White "Smirnov, Pavel"]
[Black "Guseinov, Gadir"]
[Result "1/2-1/2"]
[WhiteTitle "GM"]
[BlackTitle "GM"]
[WhiteElo "2626"]
[BlackElo "2621"]
[WhiteFideId "4123425"]
[BlackFideId "13401378"]
[EventDate "2014.05.04"]

1. d4 Nf6 2. c4 g6 3. Nc3 Bg7 4. e4 d6 5. Nf3 O-O 6. Be2 e5 7. O-O Nbd7 8. Qc2
Qe7 9. Be3 exd4 10. Nxd4 Re8 11. f3 Nb6 12. Rad1 d5 13. c5 Nbd7 14. Ndb5 dxe4
15. fxe4 c6 16. Nc7 Nxe4 17. Rxf7 Kxf7 18. Bc4+ Kf8 19. Ne6+ Qxe6 20. Bxe6 Nxc3
21. Rxd7 Rxe6 22. Rd8+ Kf7 23. bxc3 Rxe3 24. Qf2+ Bf6 25. Rxc8 Rxc8 26. Qxe3 h5
27. Qf4 Re8 28. g4 hxg4 29. Qxg4 Re5 30. Qb4 Re7 31. h4 Kg7 32. Kg2 a5 33. Qxa5
Bxh4 34. a4 Bf6 35. Qb4 Be5 36. a5 Rf7 37. c4 Kh7 38. Qb6 Kg7 39. a6 bxa6 40.
Qxa6 Rf6 41. Qb7+ Kh6 42. Qe7 Bd4 43. Qd8 Rf2+ 44. Kg3 Bxc5 45. Qh8+ Kg5 46.
Qh4+ Kf5 47. Qd8 Ke6 48. Qg8+ Kd7 49. Qg7+ Kd6 50. Kg4 Rf1 51. Qxg6+ Kc7 52.
Qg7+ Kb6 53. Qb2+ Kc7 54. Qe5+ Bd6 55. Qg7+ Kb6 56. Qd4+ Bc5 57. Qb2+ Kc7 58.
Qe5+ Bd6 59. Qa5+ Kb7 60. c5 Bc7 61. Qb4+ Kc8 62. Qe4 Kb7 63. Kg5 Rf8 64. Kg6
Rf2 65. Qb4+ Kc8 66. Qb3 Rf4 67. Kg5 1/2-1/2

[Event "Nakhchivan Open 2014"]
[Site "Nakhchivan AZE"]
[Date "2014.05.12"]
[Round "9.7"]
[White "Sanal, Vahap"]
[Black "Mammadov, Zaur"]
[Result "1-0"]
[WhiteTitle "IM"]
[BlackTitle "IM"]
[WhiteElo "2435"]
[BlackElo "2453"]
[WhiteFideId "6300545"]
[BlackFideId "13401033"]
[EventDate "2014.05.04"]

1. e4 c6 2. d4 d5 3. exd5 cxd5 4. c4 Nf6 5. Nc3 g6 6. cxd5 Bg7 7. Qb3 O-O 8.
Nge2 Na6 9. Nf4 Nc7 10. Be2 Qd6 11. O-O Rd8 12. Re1 h6 13. Bd2 b5 14. g3 b4 15.
Nb5 Nxb5 16. Bxb5 Bd7 17. Bxb4 Qb6 18. Bc4 g5 19. Nd3 Qxd4 20. Bc5 Qg4 21. Rxe7
Ne4 22. d6 Nd2 23. Bxf7+ Kh8 24. Qd5 Nf3+ 25. Kg2 Nh4+ 26. Kh1 Nf3 27. Bg6 Rf8
28. Be4 Bb5 29. Rxg7 Kxg7 30. Ne5 Nxe5 31. Qxe5+ Kg8 32. Qd5+ 1-0

[Event "Nakhchivan Open 2014"]
[Site "Nakhchivan AZE"]
[Date "2014.05.12"]
[Round "9.9"]
[White "Korneev, Oleg"]
[Black "Aghasiyev, Kamal"]
[Result "1/2-1/2"]
[WhiteTitle "GM"]
[WhiteElo "2618"]
[BlackElo "2405"]
[WhiteFideId "4156803"]
[BlackFideId "13402854"]
[EventDate "2014.05.04"]

1. e4 e6 2. d4 d5 3. Nd2 c5 4. Ngf3 cxd4 5. exd5 Qxd5 6. Bc4 Qd6 7. O-O Nf6 8.
Nb3 Nc6 9. Nbxd4 Nxd4 10. Nxd4 a6 11. Bb3 Qc7 12. Re1 Bd7 13. h3 Bd6 14. Qf3
O-O-O 15. Be3 Kb8 16. c4 h5 17. c5 Bh2+ 18. Kh1 Ng4 19. Rac1 Be5 20. c6 Bxd4 21.
Bf4 Nxf2+ 22. Qxf2 Bxf2 23. Bxc7+ Kxc7 24. cxd7+ Kb8 25. Rf1 Be3 26. Rcd1 Rhf8
27. Bxe6 Kc7 28. Bf5 g6 29. Bc2 Bh6 30. Bb3 Rxd7 31. Rxd7+ Kxd7 32. Rxf7+ Rxf7
33. Bxf7 h4 34. Bxg6 Bg7 35. b3 Kd6 36. g4 Ke5 37. Kg2 Kf4 38. Kf2 a5 39. Bf5 1/2-1/2

[Event "Nakhchivan Open 2014"]
[Site "Nakhchivan AZE"]
[Date "2014.05.12"]
[Round "9.10"]
[White "Gholami, Aryan"]
[Black "Rasulov, Vugar"]
[Result "1/2-1/2"]
[WhiteTitle "FM"]
[BlackTitle "GM"]
[WhiteElo "2237"]
[BlackElo "2512"]
[WhiteFideId "12554820"]
[BlackFideId "13402390"]
[EventDate "2014.05.04"]

1. d4 Nf6 2. Nf3 c5 3. c3 b6 4. Bf4 Bb7 5. Nbd2 g6 6. e3 Bg7 7. Bd3 O-O 8. O-O
d6 9. h3 Nbd7 10. Qe2 a6 11. a4 Qc7 12. Bh2 1/2-1/2

[Event "Nakhchivan Open 2014"]
[Site "Nakhchivan AZE"]
[Date "2014.05.12"]
[Round "9.11"]
[White "Abdulov, Orkhan"]
[Black "Dastan, Muhammed Batuhan"]
[Result "1/2-1/2"]
[WhiteTitle "IM"]
[BlackTitle "IM"]
[WhiteElo "2336"]
[BlackElo "2439"]
[WhiteFideId "13402714"]
[BlackFideId "6300014"]
[EventDate "2014.05.04"]

1. e4 c5 2. Nf3 d6 3. d4 cxd4 4. Nxd4 Nf6 5. Nc3 a6 6. Be2 g6 7. O-O Bg7 8. Be3
O-O 9. Qd2 Nc6 10. f4 Bd7 11. Nxc6 Bxc6 12. Bf3 Rc8 13. Rad1 Qc7 14. Rf2 Rfd8
15. Nd5 Nxd5 16. exd5 Bd7 17. c3 Qc4 18. a3 b5 19. Qe1 Re8 20. Re2 Bh6 21. Qh4
Bg7 22. Bd4 e5 23. dxe6 Rxe6 24. Bxg7 Kxg7 25. Rxe6 Qxe6 26. Qf2 Bc6 27. Qd4+
Kg8 28. Bxc6 Rxc6 29. Kf2 Qg4 30. Re1 Qh4+ 31. Kf1 Rc8 32. h3 Qd8 33. Rd1 Rc6
34. Qd5 Qb6 35. Re1 Qc5 36. Re8+ Kg7 37. Qe4 Rc7 38. Rd8 Kf6 39. g4 Rc8 40. Rd7
Kg7 41. Kg2 Rc7 42. Rd8 h6 43. Qe8 Qd5+ 44. Kg3 Qd3+ 45. Kf2 Qd2+ 46. Kf3 Qd1+
47. Kg2 Qd2+ 48. Kg3 Qd3+ 49. Kf2 Qd2+ 50. Kf3 Qd1+ 51. Kf2 1/2-1/2

[Event "Nakhchivan Open 2014"]
[Site "Nakhchivan AZE"]
[Date "2014.05.12"]
[Round "9.12"]
[White "Gasanov, Eldar"]
[Black "Iskandarov, Misratdin"]
[Result "0-1"]
[WhiteTitle "GM"]
[BlackTitle "IM"]
[WhiteElo "2504"]
[BlackElo "2403"]
[WhiteFideId "14104466"]
[BlackFideId "13400312"]
[EventDate "2014.05.04"]

1. d4 g6 2. e4 Bg7 3. c4 d6 4. Nc3 Nf6 5. Bg5 c5 6. d5 Qa5 7. Bd3 Nbd7 8. Nf3 h6
9. Bd2 Ng4 10. O-O g5 11. Be2 Nge5 12. Nxe5 Nxe5 13. a3 Bd7 14. b4 Qc7 15. bxc5
Qxc5 16. Qb3 O-O 17. Be3 Qa5 18. Rac1 Rfc8 19. Nb5 Ng4 20. Bd4 Bxd4 21. Nxd4 Ne5
22. Nf3 Ng6 23. Qxb7 Bg4 24. Qb4 Qxb4 25. axb4 Rab8 26. c5 Rxb4 27. c6 Rxe4 28.
Ba6 Rc7 29. Rc4 Bxf3 30. gxf3 Rxc4 31. Bxc4 Ne5 32. Ba2 Nd3 33. Rb1 Nc5 34. Kg2
Kg7 35. f4 Kf6 36. Kf3 a5 37. Rb8 gxf4 38. Kxf4 e6 39. Rh8 Nd3+ 40. Ke4 Nb4 41.
Bc4 exd5+ 42. Bxd5 Nxc6 43. Rxh6+ Ke7 44. Bxf7 Nb4 45. f4 a4 46. f5 Rc1 47. Bg8
d5+ 48. Ke5 Re1+ 49. Kd4 a3 50. f6+ Kd7 51. Kc5 Na6+ 52. Kxd5 a2 53. Rh7+ Kd8
54. f7 Ke7 55. f8=Q+ Kxf8 56. h3 0-1